000 00303nam a2200133Ia 4500
008 231129s1969||||xx |||||||||||||| ||spa||
040 _bspa
082 _a(i) 791.53 G252ti
100 _aGasset Angeles
245 0 _aTiteres con cachiporra
260 _c1969
264 _aAguilar
942 _2ddc
_cBKS
999 _c25427
_d25427